ਸ਼ੋਕ ਦੀ ਮੋਤ / (Record no. 81372)

MARC details
000 -LEADER
fixed length control field 00823nam a22002417a 4500
005 - DATE AND TIME OF LATEST TRANSACTION
control field 20131220130645.0
008 - FIXED-LENGTH DATA ELEMENTS--GENERAL INFORMATION
fixed length control field 131126b xxu||||| |||| 00| 0 eng d
010 ## - LCCN (DPL NO)
LC control number PUN-7772
020 ## - INTERNATIONAL STANDARD BOOK NUMBER
Terms of availability 135.00
International Standard Book Number 9789350680803
035 ## - SYSTEM CONTROL NUMBER
System control number PN-6890
037 ## - SOURCE OF ACQUISITION
Source of stock number/acquisition DBAD / PUB
037 ## - SOURCE OF ACQUISITION
Source of stock number/acquisition Unistar Books
040 ## - CATALOGING SOURCE
Original cataloging agency dpl
Language of cataloging pn
082 ## - DEWEY DECIMAL CLASSIFICATION NUMBER
Classification number
100 ## - MAIN ENTRY--PERSONAL NAME
Personal name ਬਹਿਣੀਵਾਲ,ਜਸਮੀਤ ਸਿੰਘ
245 ## - TITLE STATEMENT
Title ਸ਼ੋਕ ਦੀ ਮੋਤ /
Statement of responsibility, etc ਜਸਮੀਤ ਸਿੰਘ ਬਹਿਣੀਵਾਲ
246 ## - VARYING FORM OF TITLE
Title proper/short title Shouk di mout
Remainder of title by Jasmeet Singh Behniwal
260 ## - PUBLICATION, DISTRIBUTION, ETC. (IMPRINT)
Place of publication, distribution, etc Chandigarh
Name of publisher, distributor, etc Unistar Books
Date of publication, distribution, etc 2012
270 ## - ADDRESS
City Chandigarh
Address sco-26-27, sector-34 A
Telephone number 0172-5077427- 9815471219
Postal code 160022
300 4# - PHYSICAL DESCRIPTION
Extent 96p.
Dimensions 22ਸੇਂਮੀ (ਸਜਿਲੱਦ)
942 ## - ADDED ENTRY ELEMENTS (KOHA)
Source of classification or shelving scheme Dewey Decimal Classification
Item type Punjabi Bks
Classification part
Call number suffix ਬਹਿਣੀ
Holdings
Withdrawn status Lost status Source of classification or shelving scheme Damaged status Not for loan Collection code Home library Current library Date acquired Source of acquisition Cost, normal purchase price Total Checkouts Full call number Barcode Date last seen Copy number Cost, replacement price Koha item type
    Dewey Decimal Classification     Fiction D.B.Act.Division D.B.Act.Division 20/12/2013 DBAD 135.00   854 ਸਰਿੰਦ PN-6890 20/12/2013 1 135.00 Punjabi Bks

© Delhi Public Library
Hit Counter
free hit counter